000 01027nam2a2200277 4500
001 rc\3023425
005 20250805160813.4
035 _a(NLR Aleph) 007165212
090 _a88803
_c88803
100 _a20110928d1941 u y0rusy50 ca
101 0 _arus
102 _aRU
105 _aa z |||||
200 1 _aКопытные
_fВ. М. Антипин
210 _d1941
215 _a105, [37] с., 15 л. ил.
_cил., карт., табл.
320 _aБиблиогр.: "Литература" с. 98-106
461 0 _1001rc\3023424
_12001#$aМлекопитающие Казахстана$fКазахстанский филиал. Акад. наук СССР$vТ. 3
700 1 _aАнтипин
_bВ.М.
801 0 _aRU
_bNLR
_gpsbo
801 1 _aRU
_bELAR
_2rusmarc
852 _aNLR
_jЗ02 Г-3/3(3)
942 _cUNSPEC
945 _aРоссийская национальная библиотека
_aНациональная библиотека Республики Казахстан
980 _aBV